000 00444pab a2200157 454500
008 180718b2011 xxu||||| |||| 00| 0 eng d
100 _aBachmann, Reinhard
245 _aUnderstanding institutional-based trust building processes in inter-organizational relationships
260 _c2011
300 _ap.281-301.
650 _aOrganizations
700 _aInkpen, Andrew C.
773 _aOrganization Studies
908 _aN
909 _a91134
999 _c91134
_d91134